Un cuarto de siglo de historiografía argentina (1960-1985) (Registro nro. 16443)
[ vista simple ]
| 000 -LEADER | |
|---|---|
| fixed length control field | 00357 a2200109 4500 |
| 001 - CONTROL NUMBER | |
| control field | ART_3495 |
| 005 - DATE AND TIME OF LATEST TRANSACTION | |
| control field | 20260410161715.0 |
| 008 - FIXED-LENGTH DATA ELEMENTS--GENERAL INFORMATION | |
| fixed length control field | 260409a |
| 100 1# - MAIN ENTRY--PERSONAL NAME | |
| Personal name | Halperin Donghi, Tulio |
| 245 10 - TITLE STATEMENT | |
| Title | Un cuarto de siglo de historiografía argentina (1960-1985) |
| 773 0# - HOST ITEM ENTRY | |
| Title | Desarrollo económico |
| Related parts | - Vol. 25, Nº 100 (ene./mar. 1986) |
| Record control number | REV1174 |
No hay ítems disponibles.